| 000 | 00588nam a2200181 a 4500 | ||
|---|---|---|---|
| 001 | 000014278 | ||
| 005 | 20210326154637.0 | ||
| 008 | 091209s1978 dr a 000 0 spa d | ||
| 040 |
_aDO-SdBNP _bspa _cBNPHU |
||
| 082 |
_axxxx _bP762p |
||
| 100 |
_aPolanco Brito, Hugo E. _97924 |
||
| 245 | 1 | 0 |
_aPeregrinación dominicana : _bRoma-Tierra Santa / _cHugo E. Polanco Brito. |
| 260 |
_aSanto Domingo : _bTele-3, _c1978. |
||
| 300 |
_a94 p. : _bils. ; _c21 cm. |
||
| 500 | _aIncluye datos biográficos del autor en la contracubierta | ||
| 504 | _aIncluye bibliografías (p. 91) | ||
| 049 | _aBNPD | ||
| 999 |
_c13874 _d13874 |
||